000 00861nam a2200289Ia 4500
003 OSt
005 20221006155118.0
006 a|||||r|||| 00| 0
007 ta
008 221006b |||||||| |||| 00| 0 eng d
020 _a9781840645095
_c¥16993
024 _a40,396
037 _bGift, Japan Foundation
_cTextual
040 _aEASL
_cEASL
_beng
041 _2eng
_aeng
082 _aX:275.42.P00, P1
100 _aFREEDMAN Craig
_9668365
245 0 _aEconomic reform in japan
_b Can the japanese change?
260 _aCHELTENHAM
_bEdward Elger
_c2001
300 _axii,231p.
_ccm.
490 _v JEL
650 _a Japan - economic conditions
650 _a Japan - economic policy
_9577765
650 _aJEL
942 _hX:275.42.P00, P1
_cTEXL
_2CC
999 _c1108482
_d1108482